| 000 | 00419nam a22001577a 4500 | ||
|---|---|---|---|
| 020 | _a9781259098598 | ||
| 040 | _cNUST | ||
| 082 | _a621.31924 ALE | ||
| 100 |
_aAlexander, Charles K _983822 |
||
| 110 |
_aSadiku, Matthew N. O. _984010 |
||
| 245 | _aFundamentals of Electric Circuits | ||
| 250 | _a5th | ||
| 260 |
_aINDIA: _b McGraw Hill, _c2017 |
||
| 650 |
_aElectric Circuits Fundamentals _984011 |
||
| 942 |
_2ddc _cBK |
||
| 999 |
_c586684 _d586684 |
||